000 00533nam a2200181Ia 4500
005 20250508152409.0
008 008 250505s9999 xx 000 0 hin d
037 _aTextual
040 _aFEDL
_beng
_cFEDL
041 _ahin
_2eng
084 _a891.431, SUR
_qFEDL
100 _aTandon Prem Narayan
_9759978
245 0 _aSanshipt sursagar: 1801 utkristha pado ka Sanklan
260 _aLucknow, India
_bHindi Sahitya Bhandar
_c1957
300 _a549p.
942 _cTEXL
_h891.431, SUR
999 _c1336168
_d1336168